000
00203 a2200097 4500
001
4291
100
_a
Timoshenko,D
245
_a
Strength of materials part-I
260
_a
_b
Van
_c
090
_c
3508
_d
3508
942
_a
NUST-CAE
_c
M
_c
27869
999
_c
239364
_d
239364